Southville International School and Colleges
Your cart is empty.
  • Cart
  • Lists
    Public lists Eva Luna New books Lux_list list_1
    Your lists Log in to create your own lists
  • Log in to your account
  • Your cookies
  • Search history
Southville International School and Colleges
  • Advanced search
  • Recent comments
  • Most popular
  • Libraries

Log in to your account

Log in with GOOGLE


If you do not have an external account, but do have a local account, you can still log in:

  1. Home
  2. MARC view: Optical illusion:
Normal view MARC view ISBD view

Optical illusion: (Record no. 283261)

[ view plain ]
MARC details
000 -LEADER
fixed length control field 00566nam a2200169Ia 4500
008 - FIXED-LENGTH DATA ELEMENTS--GENERAL INFORMATION
fixed length control field 150223s9999 xx 000 0 und d
020 ## - INTERNATIONAL STANDARD BOOK NUMBER
International Standard Book Number 743226674
050 ## - LIBRARY OF CONGRESS CALL NUMBER
Classification number TK 5102
Item number .EN56 2004
100 ## - MAIN ENTRY--PERSONAL NAME
Personal name Endlich, Lisa.
245 ## - TITLE STATEMENT
Title Optical illusion:
Remainder of title lucent and the rash of telecom /
Statement of responsibility, etc Lisa Endlich.
260 ## - PUBLICATION, DISTRIBUTION, ETC. (IMPRINT)
Place of publication, distribution, etc New york:
Name of publisher, distributor, etc Simon& Schuster,
Date of publication, distribution, etc 2004
300 ## - PHYSICAL DESCRIPTION
Extent 302 pages :
Other physical details Illustration;
Dimensions 24 cm.
504 ## - BIBLIOGRAPHY, ETC. NOTE
Bibliography, etc Includes bibliographical references and Index.
520 ## - SUMMARY, ETC.
Summary, etc history
650 ## - SUBJECT ADDED ENTRY--TOPICAL TERM
Topical term or geographic name as entry element Data transmission.
650 ## - SUBJECT ADDED ENTRY--TOPICAL TERM
Topical term or geographic name as entry element Telecommunication;
General subdivision Equipment industry.

No items available.

Optical illusion:

APA

Endlich L., . (2004). Optical illusion. New york: Simon& Schuster.

Chicago

Endlich Lisa, . 2004. Optical illusion. New york: Simon& Schuster.

Harvard

Endlich L., . (2004). Optical illusion. New york: Simon& Schuster.

MLA

Endlich Lisa, . Optical illusion. New york: Simon& Schuster. 2004.

  • Print
  • Cite
  • Add to your cart (remove)
  • Save record
    BIBTEX Dublin Core MARCXML MARC (non-Unicode/MARC-8) MARC (Unicode/UTF-8) MARC (Unicode/UTF-8, Standard) MODS (XML) RIS
  • More searches
    Search for this title in:
    Other Libraries (WorldCat) Other Databases (Google Scholar) Online Stores (Bookfinder.com) Open Library (openlibrary.org)

Exporting to Dublin Core...

SOUTHVILLE LIBRARY

Southville International School and Colleges Library

1281 Tropical Ave. Cor. Luxembourg St., BF Homes International, Las Pinas City

Tel. No. 8256374 / 252358 Loc. 117/146

Powered by Koha